[Event "Suedwestfalen Verbandsklasse 0001"]
[Site "Suedwestfalen"]
[Date "2001.01.21"]
[Round "5"]
[White "Jansen, Dirk Norbert"]
[Black "Radtke, Reinhard"]
[Result "1/2-1/2"]
[WhiteElo "1921"]
[BlackElo "1996"]
[PlyCount "49"]
[EventDate "2000.09.17"]
[EventType "team"]
[EventRounds "9"]
[EventCountry "GER"]
[SourceTitle "EXT 2007"]
[Source "ChessBase"]
[SourceDate "2006.11.23"]
[SourceVersion "1"]
[SourceVersionDate "2006.11.23"]
[SourceQuality "1"]
[WhiteTeam "Halver"]
[BlackTeam "Siegen II"]
[WhiteTeamCountry "GER"]
[BlackTeamCountry "GER"]

1. e4 c5 2. Nf3 e6 3. d4 cxd4 4. Nxd4 a6 5. Nc3 b5 6. Be3 Bb7 7. Bd3 Qc7 8. 0-0 Nf6 9. a3 Nc6 10. Qe2 Be7 11. f4 d6 12. Rad1 Nxd4 13. Bxd4 e5 14. Be3 0-0 15. h3 Bc6 16. g4 Qb7 17. Qg2 exf4 18. Rxf4 Nd7 19. Rf5 Ne5 20. Bf4 Ng6 21. Bg3 Rfe8 22. Qf2 Bf8 23. Nd5 Ne5 24. Be2 Rac8 25. c3 1/2-1/2